[Event "SLO-ch U10 Girls"]
[Site "Rogaska Slatina"]
[Date "2009.02.27"]
[Round "9"]
[White "Netahly, Neja"]
[Black "Jeric, Tanja"]
[Result "1-0"]
[WhiteElo "1500"]
[BlackElo "1500"]
[PlyCount "35"]
[EventDate "2009.02.22"]
[EventType "swiss"]
[EventRounds "9"]
[EventCountry "SLO"]
[SourceTitle "CBM 129 Extra"]
[Source "ChessBase"]
[SourceDate "2009.05.05"]
[SourceVersion "2"]
[SourceVersionDate "2009.05.20"]
[SourceQuality "1"]

1. d4 d6 2. c4 e5 3. Nf3 Nc6 4. e3 d5 5. Nc3 exd4 6. exd4 Na5 7. cxd5 Nf6 8. Bd3 Nxd5 9. Be3 Bb4 10. Bd2 Bg4 11. 0-0 0-0 12. Rc1 c6 13. Bb1 Nc4 14. Qc2 f6 15. Bh6 Bxf3 16. Rfe1 Bh5 17. Qxh7+ Kf7 18. Qxg7# 1-0